黑龙江面积最大的13个县级行政区 13 largest counties in Heilongjiang - Statistics

General Stats
  • This quiz has been taken 21 times
    20 since last reset
  • The average score is 11 of 13
Answer Stats
面积/km² 地市排名 县区 % Correct
18367 大兴安岭地区1 漠河市
100%
15106 黑河2 嫩江市
94%
14446 黑河3 爱辉区
94%
14285 大兴安岭地区2 呼玛县
94%
14103 大兴安岭地区3 塔河县
94%
9874 黑河4 五大连池市
83%
8891 哈尔滨1 尚志市
83%
17344 黑河1 逊克县
78%
9334 鸡西1 虎林市
78%
8224 佳木斯1 富锦市
78%
8816 牡丹江1 海林市
72%
7731 鸡西2 密山市
72%
10001 双鸭山1 宝清县
61%
No matching quizzes found
Score Distribution
Percent of People with Each Score
Percentile by Number Answered
Your Score History
You have not taken this quiz since the last reset